50 Flicks to Click (1970) Quiz Stats

 Plays Quiz Updated May 14, 2018

Score 0/50 Timer 07:00
11 Plays Today
% Correct
Caesar
91.1%
Heights
90.8%
Line
88.9%
York
85.8%
Dolls
84%
White
84%
Pussycat
82.7%
Win
82.3%
Big
81.6%
Man
80.3%
Easy
79.5%
Beneath
79%
Tibbs
78.9%
Love
76.5%
Heroes
75.9%
Forever
72.5%
Mules
71.7%
Blade
71.6%
Boys
70.1%
Towners
68.9%
Revolution
68.1%
Bird
67.9%
Strangers
63.4%
Girl
63.1%
Rio
61.8%
% Correct
Private
61.2%
Haunted
61%
Harlem
60.7%
Myra
60.2%
Crooked
58.1%
Ivan
57.2%
Kelly
56%
El
53%
Daughter
52.6%
Social
52.4%
Phantom
52.1%
Twelve
49.9%
Sometimes
47.4%
Children
46.3%
Wild
46%
Brewster
44.5%
Dingus
43.2%
Mom
41.6%
Rain
35%
Deep
34.5%
Lovers
31.6%
Bloody
30.9%
Trinity
30.4%
Hogue
29.9%
Zabriskie
29%

You're not logged in!

Compare scores with friends on all Sporcle quizzes.
OR
Log In

You Might Also Like...

Show Comments

Extras

Top Quizzes Today


Score Distribution

Your Account Isn't Verified!

In order to create a playlist on Sporcle, you need to verify the email address you used during registration. Go to your Sporcle Settings to finish the process.

Report this User

Report this user for behavior that violates our Community Guidelines.

Details: